Łacina - słówka 3 - Statystyki

Ogólne statystyki
  • Ten quiz został rozwiązany 11 razy
  • Średni wynik to 5 z 20
Statystyki odpowiedzi
Po polsku Po łacinie % Poprawnych
Prawo Lex
78%
Głos Vox
67%
Ręka Manus
56%
Most Pons
44%
Krew Sanguis
44%
Krótki Brevis
33%
Pokój, sypialnia Cubiculum
22%
Rynek, plac Forum
22%
Umysł Mens
22%
Bitwa Pugna
22%
Dach Tectum
22%
Ostatni Ultimus
22%
Broń Arma
11%
Myśl Cogitatio
11%
Kuchnia Culina
11%
Drzwi Janua
11%
Pamięć Memoria
11%
Mowa, przemowa Oratio
11%
Tarcza Scutum
11%
Wieża Turris
11%
Nie znaleziono quizów pasujących do podanych kryteriów
Rozkład punktacji
Procent ludzi z każdym wynikiem
Percentyl według liczby udzielonych odpowiedzi
Twoja historia wyników
Nie rozwiązałeś tego quizu